Manual de silvicultura urbana (Registro nro. 20034)

Detalles MARC
000 -CABECERA
Campo de control 00908nam a22002297a 4500
005 - FECHA Y HORA DE LA ULTIMA TRANSACCION
Campo de control 20171220145301.0
008 - ELEMENTOS DE LONGITUD FIJA—INFORMACION GENERAL
Campo de control 171220b2015 c ||||| |||| 00| 0 spa d
020 ## - ISBN
ISBN 9789589810880
040 ## - FUENTE DE CATALOGACIÓN
Agencia catalogadora original CO-BoIAVH
Agencia transcriptora CO-BoIAVH
041 ## - IDIOMA
Código de idioma para texto/pista de sonido o título separado Español
044 ## - PAÍS DE PUBLICACIÓN
País de publicación Colombia
082 ## - NUMERO DE CLASIFICACION DECIMAL DEWEY
Número de clasificación 635.977
Número del ítem U58m
110 1# - ASIENTO PRINCIPAL--NOMBRE CORPORATIVO
Nombre corporativo o de jurisdicción como elemento de entrada Universidad Nacional de Colombia, sede Medellin, Facultad de Ciencias Agrarias
9 (RLIN) 88034
245 1# - MENCION DE TITULO
Título Manual de silvicultura urbana
260 ## - PUBLICACION, DISTRIBUCION, ETC. (PIE DE IMPRENTA)
Lugar de publicación, distribución, etc. Envigado:
Nombre del editor, distribuidor, etc. Uiversidad Nacional de Colombia, sede Medellín, Facultad de Ciencias Agrarias;
-- Alcaldia de Envigado, Secretaria de Medio Ambiente y Desarrollo Agropecuario, Municipio de Envigado
Fecha de publicación, distribución, etc. 2015.
300 ## - DESCRIPCION FISICA
Extensión 263 páginas
Dimensiones 22 x 16cm
650 16 - ASIENTO SECUNDARIO DE MATERIA - TERMINO TEMATICO
Término temático o nombre geográfico como elemento de entrada Caracterización Morfológica
Subdivisión general Especies
9 (RLIN) 88041
650 16 - ASIENTO SECUNDARIO DE MATERIA - TERMINO TEMATICO
Término temático o nombre geográfico como elemento de entrada Arboles urbanos
Subdivisión general Planeación
9 (RLIN) 88042
650 16 - ASIENTO SECUNDARIO DE MATERIA - TERMINO TEMATICO
Término temático o nombre geográfico como elemento de entrada Normatividad forestal
9 (RLIN) 21517
650 16 - ASIENTO SECUNDARIO DE MATERIA - TERMINO TEMATICO
Término temático o nombre geográfico como elemento de entrada Desarrollo forestal
9 (RLIN) 88043
942 ## - ELEMENTOS ADICIONALES (KOHA)
Sistema de clasificación Dewey Decimal Classification
Tipo de ítem Libro
Existencias
Withdrawn status Lost status Sistema de Clasificación Damaged status No para préstamo Colección Ubicación Permanente Ubicación actual Fecha de adquisición Total Checkouts Número topográfico Inventario / Código de Barras Date last seen Ejemplar Price effective from Forma de adquisición Tipo de material
    Dewey Decimal Classification     General Bogotá Bogotá 20/12/2017   LB-635.977 U58m 043404 20/12/2017 Ej. 1 20/12/2017 Donación Libro